| 000 | 00688nam a2200253Ia 4500 | ||
|---|---|---|---|
| 003 | OSt | ||
| 005 | 20220918192645.0 | ||
| 006 | a|||||r|||| 00| 0 | ||
| 007 | ta | ||
| 008 | 220917b |||||||| |||| 00| 0 eng d | ||
| 024 | _a69,460 | ||
| 037 | _cTextual | ||
| 040 |
_aARTS _cARTS _beng |
||
| 041 |
_2eng _aeng |
||
| 082 | _aQ4:353, M3 | ||
| 100 |
_aPark Sung Bae _979691 |
||
| 245 | 0 | _aBuddhist faith and sudden enlightnment | |
| 260 |
_adelhi _bMotilal Banarsidass _c1983 |
||
| 300 |
_ax,211p. _ccm. |
||
| 490 | _aSuny series in religious studies; 1983 | ||
| 650 | _aRELIGION | ||
| 942 |
_hQ4:353, M3 _cTEXL _2CC |
||
| 999 |
_c195606 _d195606 |
||